Guía para el estudio del hebreo bíblico
Uloženo v:
| Hlavní autor: | |
|---|---|
| Další autoři: | |
| Médium: | Kniha |
| Jazyk: | španělština |
| Vydáno: |
Madrid
Sociedad Bíblica
1995
|
| Témata: | |
| Tagy: |
Přidat tag
Žádné tagy, Buďte první, kdo vytvoří štítek k tomuto záznamu!
|
MARC
| LEADER | 00000nam a22000005a 4500 | ||
|---|---|---|---|
| 001 | 4260 | ||
| 003 | CL-ChBUA | ||
| 005 | 20160310161905.0 | ||
| 008 | 070301s1995 sp ||||| |||| 000 ||spa | ||
| 020 | |a 8480830379 | ||
| 040 | |a CL-ChBUA |c CL-ChBUA |e rda | ||
| 082 | 0 | 0 | |a 492.405 |
| 100 | 1 | |a Deina, Giovanni. |e autor | |
| 245 | 1 | 0 | |a Guía para el estudio del hebreo bíblico |c Giovanni Deiana ; Ambrogio Spreafico |
| 260 | |b Sociedad Bíblica |a Madrid |c 1995 | ||
| 300 | |a 224 p. |c 25 cm. | ||
| 504 | |a Indice. | ||
| 650 | 4 | |a HEBREO - GRAMATICA. | |
| 700 | 1 | |a Spreafico, Ambrogio |e autor | |
| 942 | |c LIB |2 ddc | ||
| 952 | |0 0 |1 0 |2 ddc |4 0 |6 492_405000000000000_D_324 |7 0 |9 6283 |a UNACH |b UNACH |c 400 |d 2007-03-05 |i 30.701 |l 6 |m 4 |o 492.405 / D 324 |p 7282 |r 2026-03-23 18:09:55 |s 2026-03-10 |t 1 |u 6283 |w 2012-08-08 |y LIB | ||
| 952 | |0 0 |1 0 |2 ddc |4 0 |6 492_405000000000000_D_324 |7 0 |9 1150273 |a UNACH |b UNACH |c 400 |d 2016-03-10 |i 57.347 |l 0 |o 492.405 / D 324 |p 88118 |r 2023-05-25 00:00:00 |t 2 |w 2016-03-10 |y LIB | ||
| 999 | |c 4260 |d 4260 | ||